[Event "Nanjing Pearl Spring 3rd"]
[Site "Nanjing"]
[Date "2010.10.22"]
[Round "3"]
[White "Gashimov, Vugar"]
[Black "Bacrot, Etienne"]
[Result "0-1"]
[WhiteElo "2719"]
[BlackElo "2716"]
[Annotator "Giri,A"]
[PlyCount "90"]
[EventDate "2010.10.20"]
[EventType "tourn"]
[EventRounds "10"]
[EventCountry "CHN"]
[EventCategory "21"]
[SourceTitle "CBM 139"]
[Source "ChessBase"]
[SourceDate "2010.11.18"]
[SourceVersion "1"]
[SourceVersionDate "2010.11.18"]
[SourceQuality "1"]

1. c4 {Gashimov decided to avoid the Berlin Wall, but as we will see later, he
didn't manage that entirely...} Nf6 2. Nc3 e5 3. Nf3 Nc6 4. g3 g6 $5 {The line
that was often employed by Bacrot. Nowadays more popular are d5 and Nd4. The
bishop moves Bb4 and Bc5 are quite popular as well.} 5. d4 {Immediately
blowing up the centre.} (5. Bg2 {is obviously another main try.}) 5... exd4 6.
Nxd4 Bg7 7. Nxc6 dxc6 $5 {It's quite funny, that even though Gashimov tried to
avoid the Berlin, he now gets an endgame with similar pawn structure. But
obviously there are a lot of differences, starting mainly with the fact that
White also has two bishops now, but this time Black is much better in
development.} (7... bxc6 {is obvioulsy an alternative. It's played much more
often.}) 8. Qxd8+ Kxd8 9. Bd2 $5 {A rare old move that was played in 1974 and
1990. The position is too complicated to easily say which move is better and
why.} Be6 10. Rd1 Kc8 11. b3 a5 12. Bg2 (12. Na4 Ne4 $1) 12... a4 $1 {
Interesting pawn exchange. Otherwise White would go Na4, and it seems that he
would enjoy some advantage.} 13. Nxa4 Bxc4 14. Nb6+ $6 {The move looks
interesting and ambitious, but probably objectively it's a mistake.} ({
Something quiet like} 14. Bc3 {would have been safer and stronger, since} Bb5 {
can always be answered by} 15. Nc5 {and thanks to some tricks (Bh3+ and Bxf6,
Nd7) White is not losing the pawn.}) 14... cxb6 15. bxc4 Rxa2 (15... Ng4 $5 {
is probably more precise, but it's of course tempting to take the pawn,
because you never know...}) 16. O-O $6 (16. Bh3+ $1 {would be more clever,
using the little disadvantage of Black's last move. Now after} Kb8 17. O-O Re8
18. Be3 {White has some compensation, though Black still has the pawn.}) 16...
Ng4 $1 17. Bh3 f5 {Now Black has the pawn and the harmony, and that's more
than what White can handle, considering the fine technique of Etienne.} 18. e4
Bd4 $1 19. exf5 gxf5 20. Bxg4 fxg4 21. Bf4 Bc5 22. Ra1 {Trying to get his rook
active, but Bacrot will not let it slip.} Bxf2+ $1 23. Kg2 Rxa1 24. Rxa1 Bd4
25. Ra8+ Kd7 26. Ra7 {That was the idea of White, but now Black gets a very
active king and his pieces are simply too good.} Ke6 27. Rxb7 Kf5 28. h3 h5 29.
hxg4+ hxg4 30. Rc7 c5 31. Rb7 Ra8 32. Rxb6 Ra4 33. Rb8 Ra2+ 34. Kf1 Ke4 35. Bd6
Kd3 36. Rf8 Ra6 37. Be7 Re6 38. Bh4 Kxc4 39. Rf4 Kd3 40. Rxg4 {The g-pawn is
clearly of no importance anymore.} c4 41. Rg8 c3 42. Bg5 c2 43. Rc8 Be3 44.
Bxe3 Rxe3 45. Kf2 Re4 0-1

[Event "EU-chT (Men) 20th"]
[Site "Reykjavik"]
[Date "2015.11.21"]
[Round "8.2"]
[White "Howell, David"]
[Black "Yilmaz, Mustafa"]
[Result "1-0"]
[WhiteElo "2693"]
[BlackElo "2594"]
[Annotator "Gormally,D"]
[PlyCount "91"]
[EventDate "2015.11.13"]
[EventType "team-swiss"]
[EventRounds "9"]
[EventCountry "ISL"]
[SourceTitle "CBM 170"]
[Source "ChessBase"]
[SourceDate "2016.01.15"]
[SourceVersion "1"]
[SourceVersionDate "2016.01.15"]
[SourceQuality "1"]
[WhiteTeam "England"]
[BlackTeam "Turkey"]
[WhiteTeamCountry "ENG"]
[BlackTeamCountry "TUR"]

1. c4 e5 2. Nc3 Nf6 3. Nf3 Nc6 4. g3 Bb4 5. Nd5 Bc5 6. Bg2 O-O 7. O-O d6 8. d3
h6 ({The other main move for Black is to immediately go for exchanges with} 
8... Nxd5 9. cxd5 Nd4 10. Nxd4 exd4 11. Bd2 a5 12. e4 dxe3 13. fxe3 Qg5 14. Rf4
Bd7 15. a4 Rae8 16. d4 Bb6 17. Qb3 {Carlsen,M (2865)-Adams,M (2738)
Baden-Baden 2015, with a slight advantage for White due to the long-term
potential of the central pawns.}) 9. e3 Bb6 {Black voluntarily gives up the
bishop pair; in return he gets an open file and retains a fairly solid
position.} ({Holding on to the bishop pair with} 9... a6 {is generally
considered more popular. It's certainly more combative.} 10. b3 (10. a3 Ba7 11.
b4 Nxd5 12. cxd5 Ne7 13. Nd2 (13. e4 f5 $1 ({or just} 13... c6 {like in the
game;} 14. d4 $6 cxd5 15. dxe5 dxe4 16. exd6 Nf5 $1) 14. Nd2 c6 $15) 13... c6
$1 14. dxc6 Nxc6 15. Rb1 Be6 {Inarkiev,E (2691)-Leko,P (2730) Loo 2014, and
Black was more than fine. He can follow up with ...Qd7 with visions of playing
...Bh3, or simply play ...d5.}) 10... Ba7 {Black retreats the bishop, in
anticipation of his plan of taking on d5 and playing ...Ne7.} ({the immediate} 
10... Nxd5 11. cxd5 Ne7 {can now be met by} 12. d4 $1 {crucially gaining a
tempo on the bishop, and after} exd4 13. Nxd4 Bd7 14. Bb2 c6 15. dxc6 bxc6 16.
Qc2 {White has a nagging edge}) 11. Bb2 Nxd5 12. cxd5 Ne7 13. Nd2 f5 $1 14. Rc1
f4 15. exf4 exf4 16. Rc4 {Anand,V (2786)-Gelfand,B (2755) Moscow 2013, with
double-edged play.} fxg3 17. hxg3 Rf5 $1 {would be one neat way to follow up
Black's previous play.}) 10. Nxb6 (10. Nd2 {is another reasonable alternative.}
Nxd5 11. cxd5 Ne7 12. Nc4 c6 13. dxc6 Nxc6 14. Nxb6 Qxb6 15. b3 Bf5 16. Bb2
Rac8 17. Qd2 Nb4 $1 18. Bc3 $1 a5 19. e4 Bd7 20. Rfd1 {Eljanov,P (2702)
-Sutovsky,E (2660) Poikovsky 2013, with a balanced position.}) 10... axb6 11.
b3 Bd7 (11... Be6 {looks more natural to me, although in the game Yilmaz still
intends to carry out the plan which is so natural for Black in these
situations, trying to exchange light-squared bishops with an eventual ...Bh3..}
12. Bb2 Qd7 13. d4 (13. Re1 {might well have been preferred by David, who
tends to like to keep the tension in positions for as long as possible} Bh3 14.
Bh1 $13) (13. Nd2 $5 {making way for the f-pawn} Bh3 14. f4 Bxg2 15. Kxg2 {
is another interesting try for White. Black has to be careful of a quick fxe5
followed by sacrificing an exchange on f6.} {But now the radical} d5 $1 {
seems to solve all Black's problems;} 16. fxe5 Ng4 17. Qf3 $1 Ncxe5 18. Bxe5
Nxe5 19. Qxd5 Qxd5+ 20. cxd5 Nxd3 {with an unclear ending.}) 13... exd4 $1 (
13... e4 $5 14. d5 $1 ({but not} 14. Nd2 {because of} d5 $1 15. cxd5 Bxd5 {
when Black should be fine}) 14... exf3 15. dxe6 Qxe6 16. Bxf3 $14) 14. Nxd4 (
14. exd4 d5 {is more than ok for Black, as the potential of the bishop on b2
has become limited}) 14... Bh3 15. Nxc6 Bxg2 $1 16. Ne5 (16. Kxg2 Qxc6+ 17. Qf3
$11) 16... dxe5 17. Qxd7 Nxd7 18. Kxg2 f6 $15) 12. Bb2 Re8 $6 {Slightly sloppy.
} ({There was no reason not to just get on with the normal plan with} 12... Qc8
$1 13. d4 $1 exd4 ({holding firm with} 13... Re8 $1 {might be best;} 14. d5 (
14. dxe5 dxe5 {also looks fine for Black, who now has an alternative plan of ..
.Bf5 and ...Rd8}) 14... Ne7 15. Re1 Bh3 16. Nd2 (16. Bh1 $1 {retaining those
two bishops! But this is not so clear as the bishop on h3 is difficult to
expel for White; if it remains there its presence creates a constant back rank
problem for the white king}) 16... Bxg2 17. Kxg2 {when White has a plan of e4,
followed by slow expansion with f4, however Black should be fine here; one
possible way to play is} Nd7 18. e4 Nc5 {when counterplay with ..f5! is firmly
on the menu.}) 14. Nxd4 Bh3 15. Nxc6 $1 {and now} Bxg2 $4 {no longer works
because of} (15... bxc6 16. Bxf6 $14) 16. Ne7+) 13. h3 $1 {Now Black is not
able to carry out this plan of ...Qc8, followed by ...Bh3, so White will
retain his two bishops.} Ne7 14. a4 c5 15. Ne1 Qc8 (15... Bc6 16. e4 $1 Ng6)
16. Kh2 Nh7 $1 17. Nc2 Ng5 18. f4 $5 {The consequences of this pawn sacrifice
are not exactly clear, but David is not the sort of player to shy away from
complications.} (18. h4 Nh7 19. e4 f5 $1 {gives Black useful counterplay. The
knight on h7 will go back to ...f6 where it targets g4.}) 18... Nxh3 {Now the
Black knight is stranded so Black has to act dynamically. For the tiime being
Yilmaz is up to the challenge.} 19. e4 Bg4 20. Qd2 f6 21. Rae1 h5 22. Ne3 Qd7
23. Bf3 {The most combative.} ({Alternatively White could have immediately
forced matters with} 23. Nxg4 hxg4 24. Bxh3 gxh3 25. f5 $1 Nc6 26. Kxh3 {
but now Black should be able to maintain the balance with} Kf7 $1 {intending
to transfer the king to the queenside ...Ke7, ...Kd8, ...Kc7 etc.}) 23... Bxf3
24. Rxf3 h4 25. Ng2 Ng6 (25... Qg4 {does not solve all of Black's problems
either;} 26. Ref1 $1 {now it's hard to see how Black will meet the threat of
gxh4.} (26. Nxh4 $2 g5 27. fxg5 Nxg5 $1 (27... fxg5 28. Qd1 $1) 28. Rxf6 Qh3+))
26. f5 Ng5 27. Rfe3 hxg3+ 28. Rxg3 Ne7 29. Qe2 Kf7 {It seems now as if Black
is over the worst, but David is not willing to give up the initiative so
easily.} 30. Rxg5 $1 {An excellent sacrifice. Even if Black is able to defend
after this, it's very hard to find all the right moves over the board.} fxg5
31. Qh5+ Kf8 32. Bc1 Ng8 33. Bxg5 Qf7 $2 {After this Black is hardly able to
defend, as his king is stuck on the kingside where it is just going to come
under a heavy attack.} ({Better chances of resistance were offered by} 33...
Nf6 $1 {where Black can hope to still flee with his king to the queenside.} 34.
Bxf6 gxf6 35. Ne3 $1 Qf7 (35... Ke7 $2 36. Nd5+ Kd8 37. Nxf6 {is just a
winning ending for White}) 36. Qh4 {and now the simplest route for Black is}
Ke7 37. Nd5+ Qxd5 $1 38. cxd5 Rh8 {when he should be holding the ending.}) 34.
Qh8 $1 Reb8 35. Ne3 b5 {Desperation, but Black was completely devoid of
counterplay in any case.} (35... Ke8 36. Rg1 $1 Kd7 {[%mdl 64] doesn't help
either ; White has the killing} 37. Bd8 $3 {perhaps not the only winning move,
but certainly a nice one!} (37. Qh7 $2 Ne7 38. Bxe7 Rh8) ({although} 37. Bh4
Nh6 38. Qxg7 {also looks very good for White, it is probably not immediately
decisive}) 37... Rxd8 (37... g5 38. Rxg5 {changes little}) 38. Rxg7 Ne7 39.
Qxd8+ $18) 36. cxb5 $18 Qxb3 37. Nd5 (37. Rg1 {was also strong.} Qxd3 (37...
Qf7 38. f6 $1 g6 39. Ng4) 38. Be7+ {with a mating attack.}) 37... Kf7 38. Qh5+
Kf8 39. Qh8 Kf7 40. Qh5+ Kf8 41. f6 $1 Qc2+ 42. Re2 g6 43. Qg4 Qd1 44. f7 Nf6 (
44... Kxf7 45. Qd7+ Kf8 46. Rf2+) 45. Bxf6 Qf1 46. Rg2 1-0

[Event "FRA-chT"]
[Site "France"]
[Date "1999.??.??"]
[Round "7"]
[White "Gurevich, Mikhail"]
[Black "Sadler, Matthew D"]
[Result "1/2-1/2"]
[WhiteElo "2629"]
[BlackElo "2668"]
[Annotator "Gurevich,M"]
[PlyCount "73"]
[EventDate "1999.02.??"]
[EventType "team"]
[EventRounds "11"]
[EventCountry "FRA"]
[SourceTitle "CBM 070"]
[Source "ChessBase"]
[SourceDate "1999.06.08"]
[SourceVersion "1"]
[SourceVersionDate "1999.06.08"]
[SourceQuality "1"]

1. c4 e5 2. Nc3 Nc6 3. Nf3 Nf6 4. g3 Bc5 5. Bg2 d6 6. d3 O-O 7. O-O h6 8. a3 a5
9. e3 Bb6 10. Rb1 Be6 $5 (10... Bf5 11. e4 $6 Bg4 12. h3 Bh5 13. Qe1 Nd7 14. b4
axb4 15. axb4 Re8 16. Nd5 Ba7 17. Kh1 Nf8 18. Qd2 Ne6 $15 {0-1 Sadler,M-Van
Wely,L/Porz GER 1999 (76)}) 11. Qc2 (11. b4 $6 axb4 12. axb4 e4 $1 $36) 11...
Qd7 (11... d5 12. cxd5 Nxd5 13. Na4 $36) 12. b4 axb4 13. axb4 Ne7 14. Bb2 Ng6
15. Ra1 Bh3 16. Rxa8 Rxa8 17. Ra1 Re8 $1 (17... Rxa1+ 18. Bxa1 $14 {(/\19.Qa2)}
) 18. Bh1 $6 (18. Qa4 $5 c6 19. b5 $36) 18... c6 19. b5 Ng4 $5 {[/\20...Nxe3]}
20. bxc6 bxc6 21. Bc1 (21. d4 exd4 22. Nxd4 (22. exd4 Nf6 $1 {/\23...Bf5|^})
22... N4e5 $132) 21... f5 22. Ra6 (22. Qa2 $5 Kh8 23. Qa6 $36) 22... Qb7 $1 23.
Qa2 Kh8 {[/\24...f4 ->>>] [#]} 24. c5 $1 Bxc5 (24... dxc5 $6 25. Nd2 {(/\26.
Nc4|^<<)}) 25. Ng5 $1 hxg5 26. Bxc6 Qb4 $8 (26... Qe7 27. Bxe8 $18) 27. Bd2 $3
{[/\ 28.Nb5, 28.Nd5,28.Nd1, 28.Ne4]} Rb8 $1 (27... f4 28. Nd1 Qb8 29. Bxe8 $18)
(27... Bxe3 28. fxe3 Rb8 29. Nb5 Qc5 30. d4 $18) 28. Nb5 Qxb5 29. Bxb5 Rxb5 $44
{[/\30...f4->]} 30. Ra5 $1 (30. Ra8+ Kh7 31. Qg8+ Kh6 32. Rb8 Bb6 $5 $36) 30...
Rb6 31. Ra6 Rb7 (31... Rxa6 32. Qxa6 $11) 32. Ra8+ Kh7 33. Qg8+ Kh6 34. Rb8 $11
Ra7 35. Ra8 Rb7 36. Rb8 Ra7 37. Ra8 1/2-1/2

[Event "Antwerp op"]
[Site "Antwerp"]
[Date "1996.??.??"]
[Round "8"]
[White "Miezis, Normunds"]
[Black "Gurevich, Mikhail"]
[Result "1/2-1/2"]
[WhiteElo "2530"]
[BlackElo "2605"]
[Annotator "Gurevich,M"]
[PlyCount "122"]
[EventDate "1996.07.??"]
[EventType "swiss"]
[EventRounds "9"]
[EventCountry "BEL"]
[SourceTitle "EXT 1997"]
[Source "ChessBase"]
[SourceDate "1996.11.15"]
[SourceVersion "1"]
[SourceVersionDate "1996.11.15"]
[SourceQuality "1"]

1. c4 e5 2. Nc3 Nf6 3. g3 d5 4. cxd5 Nxd5 5. Bg2 Nb6 6. Nf3 Nc6 7. Rb1 Be6 8.
O-O Be7 9. b4 f6 10. a3 O-O 11. d3 a5 12. b5 Nd4 13. Ne1 Qc8 14. e3 Nf5 15. Na4
Rd8 16. Qc2 Nxa4 17. Qxa4 Nd6 18. Bb2 $5 {TN} (18. Nf3 $6 {[-65/29]}) 18... Qd7
19. Bc3 Qe8 $5 {[/\20...Kh8,21...Bd7;><b5]} 20. f4 $5 (20. Nf3 Kh8 21. Rfd1 Bd7
$17) 20... exf4 21. Rxf4 Kh8 {[/\22...Bd7]} 22. Nc2 Qg6 $5 23. Rd1 (23. e4 Qh5
24. Nd4 Qc5 $132) 23... Bf5 24. Bf1 (24. e4 Bd7 25. Nd4 Qh5 $36) 24... Bd7 25.
Nd4 Qe8 26. Rb1 c6 $5 27. bxc6 bxc6 28. Qd1 (28. Qc2 Nb5) 28... Nb5 29. Nxb5
cxb5 30. Qd2 Bc6 $5 31. Re1 (31. Bxa5 Bc5 32. d4 (32. Re1 Rxa5 33. Qxa5 Bxe3+
34. Rxe3 Qxe3+ 35. Rf2 Qd4 $15)) 31... Bxa3 (31... Bc5 32. d4 (32. Bxa5 Rxa5)
32... Bb6 33. Bg2 $13) 32. Bxa5 Rdb8 33. Bb4 Bxb4 34. Rxb4 $10 Ra7 35. Bg2 Bd7
36. d4 Rc8 37. e4 Qe6 38. Rb2 Qb6 39. Bf1 Ra4 40. Rb4 h6 41. Reb1 Qa7 42. Bxb5
Bxb5 43. Rxb5 Rxd4 44. Qf2 Qa4 (44... Re8 45. R5b4 Rxb4 46. Rxb4 $10) 45. Qf5
Re8 (45... Rd1+ 46. Rxd1 Qxd1+ 47. Kg2 Qe2+ 48. Kh3 $10) 46. Re1 Rdxe4 47. Rxe4
Qxe4 (47... Rxe4 48. Qc8+ Kh7 49. Qf5+ Kg8 50. Qc8+ Kf7 51. Qd7+ Re7 52. Qd5+
Kf8 53. Ra5 $10) 48. Qxe4 Rxe4 49. Kf2 Kh7 50. h4 Kg6 51. Rb7 Rd4 52. Kf3 f5
53. Rb6+ Kh5 54. Rb5 g6 55. Kg2 Rd3 56. Kh3 Rf3 57. Rc5 g5 58. hxg5 Kxg5 59.
Kg2 Re3 60. Rc8 Re6 61. Kf3 Rg6 1/2-1/2

[Event "Gibraltar Masters"]
[Site "Gibraltar"]
[Date "2007.01.31"]
[Round "8"]
[White "Gurevich, Mikhail"]
[Black "Adams, Michael"]
[Result "1/2-1/2"]
[WhiteElo "2635"]
[BlackElo "2735"]
[Annotator "Gurevich,M"]
[PlyCount "122"]
[EventDate "2007.01.23"]
[EventType "swiss"]
[EventRounds "9"]
[EventCountry "ENG"]
[SourceTitle "CBM 116 Extra"]
[Source "ChessBase"]
[SourceDate "2007.03.07"]
[SourceVersion "1"]
[SourceVersionDate "2007.03.07"]
[SourceQuality "1"]

1. c4 Nf6 2. Nc3 e5 3. Nf3 Nc6 4. g3 Bc5 5. Bg2 d6 6. d3 O-O 7. O-O h6 8. e3
Re8 9. b3 a6 10. Bb2 Ba7 11. a3 Be6 $5 (11... Bf5) 12. Qc2 Qd7 13. Rac1 Rac8
14. Rfe1 Bh3 15. Bh1 (15. b4 $5 {(i/\16.Qa4,17.b5|^<<)} Bxg2 16. Kxg2 Ne7 $5
$13) 15... Ne7 {i/\Ne7-g6,c7-c6,d6-d5<=>[+]..} 16. b4 Ng6 17. Nd2 c6 18. Nde4
Nxe4 19. dxe4 (19. Nxe4 f5 20. Nd2 f4 $132) 19... Qe6 20. Qe2 Nf8 21. Red1 Rcd8
22. Rd2 Bg4 23. f3 Bh5 24. Bg2 f6 $5 {i/\Bf7;xc4} 25. Nd1 $5 {i/\26.Nf2,27.Bh3}
Nd7 26. Nf2 Nb6 27. Bh3 Qe7 28. Rdc2 (28. c5 $6 dxc5 29. Rxd8 Rxd8 30. bxc5 Nd7
$15) 28... Bf7 29. Ba1 Be6 30. Bxe6+ Qxe6 31. Kg2 Qf7 32. Rd1 Rd7 {i/\33...
Red8,34...d5} 33. Bb2 $5 {i/\Bb2-c1-d2e1} Rc8 $5 34. Bc1 c5 {Xc4} 35. b5 axb5
36. cxb5 c4 $6 (36... Qb3 $5) (36... Ra8 $5 {i/\37...Bb8,xa3,a4}) 37. Bd2 {
i/\38.Bb4<=>} d5 38. exd5 Rxd5 39. a4 $1 c3 (39... Nxa4 40. Ra1) 40. Rxc3 Rxc3
41. Bxc3 Nxa4 42. Be1 Nc5 (42... Rxd1 43. Qxd1 Qc4 44. Ne4 $5 $132 {i/\45.Qd8})
43. Ra1 Bb6 44. Ra8+ Rd8 45. Rxd8+ Bxd8 46. Bb4 Bb6 47. Bxc5 $5 Bxc5 48. Ne4
Qd5 49. g4 $5 $14 {i/\h2-h4-h5,Ne4-g3-f5|^>>} b6 50. h4 $6 (50. Ng3 $1 Qb3 51.
Kf2 {i/\h2-h4-h5}) 50... Qb3 51. Kf2 h5 $1 52. gxh5 (52. Ng3 hxg4 53. fxg4 Qb4
$11 54. Nf5 Qf4+ 55. Kg2 Qe4+) 52... f5 53. Nxc5 bxc5 54. Qd2 (54. h6 c4 $13)
54... Qxb5 55. Qd5+ Kh7 56. Qxe5 Qd3 $1 $11 57. Qxc5 Qd2+ 58. Kf1 Qd1+ 59. Kf2
Qd2+ 60. Kf1 Qd1+ 61. Kf2 Qd2+ 1/2-1/2

[Event "Korinthos op 2nd"]
[Site "Korinthos"]
[Date "1998.07.23"]
[Round "4"]
[White "Cvetkovic, Srdjan"]
[Black "Gurevich, Mikhail"]
[Result "0-1"]
[WhiteElo "2430"]
[BlackElo "2635"]
[Annotator "Gurevich,M"]
[PlyCount "54"]
[EventDate "1998.07.20"]
[EventType "swiss"]
[EventRounds "9"]
[EventCountry "GRE"]
[SourceTitle "CBM 066"]
[Source "ChessBase"]
[SourceDate "1998.09.30"]
[SourceVersion "1"]
[SourceVersionDate "1998.09.30"]
[SourceQuality "1"]

1. c4 e5 2. Nc3 Nf6 3. Nf3 Nc6 4. g3 d5 5. cxd5 Nxd5 6. Bg2 Nb6 7. O-O Be7 8.
a3 g5 9. d3 (9. b4 g4 10. Ne1 h5 11. Nd3 h4 12. b5 Na5 13. Nxe5 hxg3 14. d4 $13
{1/2-1/2 Berend,F-Quadrio,A/Linares 1995/CBM 51 (60)}) 9... g4 10. Nd2 h5 $5 (
10... Be6 11. b4 $132) 11. Nc4 h4 12. Nxb6 $6 (12. Bxc6+ bxc6 13. Nxe5 hxg3 14.
hxg3 Bd6 $44) 12... axb6 13. Nd5 Bc5 $6 (13... hxg3 14. fxg3 Bc5+ 15. e3 f5 $36
) 14. Be3 (14. Bg5 $5 Qxg5 15. Nxc7+ Kd8 16. Nxa8 hxg3 17. hxg3 Qh6 18. Re1 f5
$36) 14... Be6 15. Bxc5 bxc5 16. Nc3 Nd4 $1 17. e3 (17. Bxb7 Rb8 18. Qa4+ (18.
Bg2 Rxb2 $40) 18... Kf8 (18... Bd7 19. Qa7 c6 20. Qxc5 Ne6 21. Qxe5 f6 $13) 19.
Qa7 Kg7 $36) 17... Nb3 18. Bxb7 (18. Rb1 c6 $15) 18... Nxa1 19. Qxa1 (19. Bxa8
Qxa8 20. Qxa1 Qf3 $1 21. Re1 (21. Qd1 hxg3 22. Qxf3 (22. fxg3 Qxe3+ $17) 22...
gxh2+ 23. Kh1 gxf3 24. Rc1 Bh3 25. Kxh2 Bg2+ 26. Kg3 f5 $1 $19) 21... h3 22.
Kf1 Bb3 $1 23. Qc1 Rh6 24. Ne4 (24. Qd2 Rd6 $19) 24... c4 25. Qc3 Bd1 $1 26.
Qxe5+ Kf8 $19) 19... Rb8 $17 20. Bc6+ Kf8 21. Rd1 hxg3 22. hxg3 Rb6 23. Bg2 Bb3
$1 {idea 24...Rbh6} 24. Rd2 Rbh6 25. a4 Qf6 26. Qa3 {[#]} Qf3 $1 27. Qxc5+ Kg8
0-1

[Event "Haarlem AKN op 08th"]
[Site "Haarlem"]
[Date "1999.07.04"]
[Round "6"]
[White "Gurevich, Mikhail"]
[Black "Janssen, Ruud"]
[Result "1-0"]
[WhiteElo "2643"]
[BlackElo "2448"]
[Annotator "Gurevich,M"]
[PlyCount "73"]
[EventDate "1999.07.02"]
[EventType "swiss"]
[EventRounds "6"]
[EventCountry "NED"]
[SourceTitle "EXT 2000"]
[Source "ChessBase"]
[SourceDate "1999.11.16"]
[SourceVersion "1"]
[SourceVersionDate "1999.11.16"]
[SourceQuality "1"]

1. c4 e5 2. Nc3 Nf6 3. Nf3 Nc6 4. g3 d5 5. cxd5 Nxd5 6. Bg2 Nb6 7. d3 Be7 8. a3
O-O 9. b4 Be6 10. O-O f6 11. Bb2 a5 12. b5 Nd4 13. Nd2 a4 $5 (13... Qd7 14.
Bxb7 Rab8 15. Bg2 Nxb5 16. Nxb5 Qxb5 17. Qc2 c5 18. Rfb1 Qa6 19. Bc3 $14 {
1-0 Beliavsky,A-Cvitan,O/Bled SLO 1998 (33)}) 14. Bxb7 $5 {TN} (14. e3 Nb3 15.
Nxb3 Bxb3 16. Qe2 Rb8 17. Rfc1 Qd7 $132 {0-1 Rahman,Z-Guseinov,A/Doha op (4)
1992/EXT 92op (40)}) 14... Ra5 15. e3 (15. Rb1 Qd7 $44) 15... Nxb5 16. Qc2 c5
$6 (16... Qd7 $1 {(/\ 17...c6)} 17. Nxb5 Rxb5 18. Bc6 Rxb2 19. Bxd7 (19. Qc1
Qd6 20. Ne4 Qxa3 $1 21. Rxa3 Bxa3 $132) 19... Rxc2 20. Bxe6+ Kh8 21. Rfd1 Rd8
22. Ne4 Rb2 $15) 17. Nxb5 Rxb5 18. Bc6 Ra5 19. Rfd1 Qc7 20. Be4 $5 Rc8 (20...
f5 21. Bg2 Rd8 22. e4 $14) 21. Bc3 Ra7 (21... Rb5 22. Rdb1 $14) 22. Nc4 $1 Nxc4
$6 (22... Nd5 23. Bd2 $14) 23. dxc4 Bxc4 24. Bxh7+ (24. Bxe5 Bb3 25. Bxh7+ Kh8
26. Bxc7 Bxc2 27. Bxc2 Rcxc7 28. Rab1 g5 $16) 24... Kh8 (24... Kf8 25. Bxe5 $16
) 25. Qf5 (25. Bg6 $1 Bb3 26. Qf5 Kg8 27. Qh3 $16) 25... Be6 $5 26. Qe4 $1 (26.
Qxe6 Kxh7 $14) 26... g5 (26... Qc6 27. Qh4 f5 28. Qh5 $18) 27. Qg6 Bd8 (27...
Bb3 28. Qh5 Bxd1 29. Rxd1 $18) 28. Qe8+ Kxh7 29. Qxe6 Kg7 30. h4 (30. Ba5 $1
Qb8 31. Rab1 Qa8 32. Rd7+ $18) 30... gxh4 31. gxh4 Be7 32. e4 $1 {[/\
Rd1-d3-g3 ]} Rh8 $6 (32... c4 33. Qg4+ Kf8 (33... Kh8 34. Qh5+ Kg7 35. Kh2 $18)
34. Kh1 $16 {(/\ 35.Rg1)}) (32... Rg8 $5 33. Kh1 Rh8 34. Rg1+ Kf8 35. Rg6 $40)
33. Rd3 Kf8 34. Rad1 Rh7 35. Rg3 $18 Rf7 (35... Rg7 36. Rxg7 Kxg7 37. Rd3 $18)
36. h5 (36. Bd2 $18) 36... Bd8 37. Bd2 1-0